| 000 | 01092 a2200217 4500 | ||
|---|---|---|---|
| 001 | 54557 | ||
| 005 | 20260407155819.0 | ||
| 008 | 260407a1998 arg spa d | ||
| 003 | AR-UNSa-BCEJYS | ||
| 040 |
_aAR-UNSa-BCEJYS _bspa _cAR-UNSa-BCEJYS |
||
| 080 |
_a330 _xEconomía en general |
||
| 245 | 1 | 0 |
_aContribuciones al estudio de la economía _pensayos, comunicaciones, e informes |
| 020 | _a950-33-0201-3 | ||
| 264 | 1 |
_aCórdoba : _bUniversidad Nacional de Córdoba _c1998 |
|
| 300 |
_a2 v. (614 ; 450 p.) _c21 cm. |
||
| 505 | _aTomo I: 1. Ensayos en economía y humanismo – 2. Ensayos en historia del pensamiento económico – 3. Ensayos en política económica – 4. Ensayos en economía regional e internacional – 5. Ensayos en finanzas públicas – 6. Ensayos en economía matemática y econometría - - Tomo II: 7. Ensayos en macroeconomía – 8. Ensayos en la economía del deporte – 9. Ensayos en metodología – 10. Informes – 11. Comunicaciones. | ||
| 041 | _aspa | ||
| 942 | _cBK | ||
| 590 | _aniveau_biblio:m niveau_hierar:0 | ||
| 100 | 1 | _aDi Marco, Luis Eugenio | |
| 999 |
_c5637 _d5637 |
||